National Assembly Library of Thailand

ข้อสอบอัยการ วิชาภาษาอังกฤษ พร้อมคำตอบ คำศัพท์ และสำนวนที่ควรรู้ (ระเบียนเลขที่ 17840)

รายละเอียดในรูปแบบ MARC
000 -LEADER
fixed length control field 00978nam a22002417a 4500
005 - DATE AND TIME OF LATEST TRANSACTION
control field 20240814175139.0
008 - FIXED-LENGTH DATA ELEMENTS--GENERAL INFORMATION
fixed length control field s2532 th thaeng
020 ## - INTERNATIONAL STANDARD BOOK NUMBER
International Standard Book Number 9748688267
041 ## - LANGUAGE CODE
Language code of text/sound track or separate title thaeng
090 ## - LOCALLY ASSIGNED LC-TYPE CALL NUMBER (OCLC); LOCAL CALL NUMBER (RLIN)
Classification number (OCLC) (R) ; Classification number, CALL (RLIN) (NR) KU125 ธ112ข 2532
100 0# - MAIN ENTRY--PERSONAL NAME
Personal name ธง วิทัยวัฒน์
245 10 - TITLE STATEMENT
Title ข้อสอบอัยการ วิชาภาษาอังกฤษ พร้อมคำตอบ คำศัพท์ และสำนวนที่ควรรู้
260 3# - PUBLICATION, DISTRIBUTION, ETC.
Place of publication, distribution, etc. กรุงเทพฯ :
Name of publisher, distributor, etc. นิติธรรม,
Date of publication, distribution, etc. 2532
300 ## - PHYSICAL DESCRIPTION
Extent 240 หน้า ;
Other physical details 21 ซม.
650 04 - SUBJECT ADDED ENTRY--TOPICAL TERM
Topical term or geographic name entry element อัยการ -- ข้อสอบและเฉลย
650 04 - SUBJECT ADDED ENTRY--TOPICAL TERM
Topical term or geographic name entry element อัยการ
650 04 - SUBJECT ADDED ENTRY--TOPICAL TERM
Topical term or geographic name entry element ภาษาอังกฤษ -- สำนวนโวหาร
650 04 - SUBJECT ADDED ENTRY--TOPICAL TERM
Topical term or geographic name entry element อัยการ -- คำศัพท์
850 ## - HOLDING INSTITUTION
Holding institution NALT
942 ## - ADDED ENTRY ELEMENTS (KOHA)
Koha item type Law Book
Koha issues (borrowed), all copies 2
997 ## -
-- 000000000017840
998 ## - LOCAL CONTROL INFORMATION (RLIN)
-- SAIPHON DEENGAM
-- 25
-- นีลวัสน์ อินทรักษา
รายการที่มีในห้องสมุด
Withdrawn status Lost status Damaged status Not for loan Collection code Home library Current library Total Checkouts Total Renewals Full call number Barcode Date last seen Date last checked out Price effective from Koha item type
        Law Book collection National Assembly Library of Thailand National Assembly Library of Thailand 2 1 KU 125 ธ112ข 2532 3961126552 10/04/2018 03/04/2018 09/06/2017 Law Book
หอสมุดรัฐสภา
สำนักงานเลขาธิการสภาผู้แทนราษฎร เลขที่ 1111 ถนนสามเสน แขวงถนนนครไชยศรี เขตดุสิต กรุงเทพฯ 10300
The Secretariat of the House of Representatives 1111 Samsen Road, Thanon Nakhon Chai Si, Dusit, Bangkok 10300, THAILAND
โทรศัพท์: +66(0) 2242 5900 ต่อ 5714-5 โทรสาร: +66(0) 2242 5990 อีเมล: [email protected]